000 01290cam a22003497a 4500
003 CHAP
005 20220329142553.0
008 010920d2001 mx r 00110 spa d
010 _a85065
011 _a86037
035 _a96575
040 _cCHAP
090 _aTesis
100 0 0 _aLuis, Benito
_968973
245 1 0 _aImportancia económica que tienen las exenciones fiscales para los productores agrícolas de cinco comunidades de Tlaxco, Tlaxcala
_c/por Benito Luis
260 _aChapingo, Méx. :
_bEl autor,
_c2001.
300 _a74 h. ;
_bmapas
502 _aTesis (Lic. en Administración de Empresas Agropecuarias) -- UACH. División de Ciencias Económico Administrativas
590 _aALEPH
_b10
_c20130110
_lUCH01
_h1444
590 _aBATCH-UPD
_b10
_c20130110
_lUCH01
_h0504
590 _aBATCH-UPD
_b10
_c20130110
_lUCH01
_h2238
590 _aCONVERSION
_b10
_c20130109
_lUCH01
_h1347
650 1 4 _aCampesinado
_xTlaxcala.
_918043
650 1 4 _aImpuesto al valor agregado.
_957489
650 1 4 _aImpuesto sobre la renta.
_957491
650 1 4 _aImpuestos
_zTlaxcala.
_957502
901 _aBK
905 _aAlejandra Carrasco M.
942 _cFOLL
949 _aTesis
_bBC
_cTES
_d33724000859286
_eTS2
_fc.2
_h38710
_i96575
_sb
949 _aTesis
_bBC
_cTES
_d965751
_eTS1
_h38709
_i96575
_sb
999 _c85065
_d85065